Normal view MARC view

Entry Personal Name

Number of records used in: 8

001 - CONTROL NUMBER

  • control field: 167283

003 - CONTROL NUMBER IDENTIFIER

  • control field: OSt

005 - DATE AND TIME OF LATEST TRANSACTION

  • control field: 20220923223227.0

008 - FIXED-LENGTH DATA ELEMENTS

  • fixed length control field: 220923|| aca||aabn | a|a d

040 ## - CATALOGING SOURCE

  • Original cataloging agency: OSt
  • Transcribing agency: OSt

100 ## - HEADING--PERSONAL NAME

  • Personal name: अशोक वामनराव धुलधुले

670 ## - SOURCE DATA FOUND

  • Source citation: Work cat.: (OSt)362610: अशोक वामनराव धुलधुले, फणीश्वरनाथ रेणु उपन्यासो का शिल्पगत अध्ययन, 1994
Copyright @ Delhi University Library System